[Event "16th Open"]
[Site "Abu Dhabi UAE"]
[Date "2006.08.12"]
[Round "1"]
[White "Lomineishvili,M"]
[Black "Gashimov,V"]
[Result "0-1"]
[WhiteElo "2380"]
[BlackElo "2644"]
[EventDate "2006.08.12"]

1. d4 Nf6 2. Nf3 e6 3. c4 c5 4. e3 d5 5. Nc3 a6 6. a3 Nc6 7. Bd3 dxc4 8.
Bxc4 b5 9. Bb3 Bb7 10. O-O Qc7 11. Qe2 Be7 12. Bd2 Rd8 13. dxc5 Bxc5 14.
Rac1 Bb6 15. h3 O-O 16. Rfd1 Qb8 17. Be1 Ne5 18. Nxe5 Qxe5 19. Rxd8 Rxd8
20. Rd1 Rc8 21. Qd3 Qg5 22. e4 h5 23. Bc2 a5 24. h4 Qc5 25. b4 axb4 26.
axb4 Qe5 27. Qd6 Bc7 28. Qxe5 Bxe5 29. Rd3 Nxe4 30. Nxe4 Rxc2 31. Rd8+ Kh7
32. Ng5+ Kg6 33. Bd2 Bd5 34. Be3 Rb2 35. f4 Bf6 36. Rd7 Bxg5 37. fxg5 Rxg2+
38. Kf1 Rg4 0-1

[Event "16th Open"]
[Site "Abu Dhabi UAE"]
[Date "2006.08.12"]
[Round "1"]
[White "Fedorov,Alex"]
[Black "Hassan,Ab"]
[Result "1-0"]
[WhiteElo "2617"]
[BlackElo "2365"]
[EventDate "2006.08.12"]

1. e4 e6 2. d4 d5 3. Nc3 Nf6 4. e5 Nfd7 5. f4 c5 6. Nf3 Nc6 7. Be3 cxd4 8.
Nxd4 Bc5 9. Qd2 O-O 10. O-O-O a6 11. Qf2 Bxd4 12. Bxd4 b5 13. Be3 b4 14.
Na4 a5 15. g4 Ba6 16. h4 Bxf1 17. Rhxf1 Qb8 18. h5 Rc8 19. h6 g6 20. Kb1
Qb5 21. b3 Rc7 22. Nb6 Nxb6 23. Bxb6 Rb7 24. Bc5 Ne7 25. f5 exf5 26. Qd4
Nc6 27. Qxd5 a4 28. gxf5 axb3 29. cxb3 Ne7 30. Qd4 Qa5 31. Rd2 Qb5 32. Rfd1
Nxf5 33. Qd8+ Qe8 34. Qxa8 1-0

[Event "16th Open"]
[Site "Abu Dhabi UAE"]
[Date "2006.08.12"]
[Round "1"]
[White "Lodhi,M"]
[Black "Miroshnichenko,E"]
[Result "1/2-1/2"]
[WhiteElo "2360"]
[BlackElo "2616"]
[EventDate "2006.08.12"]

1. d4 Nf6 2. Nf3 e6 3. g3 d5 4. Bg2 Nbd7 5. O-O b5 6. a4 b4 7. c4 bxc3 8.
Nxc3 Ba6 9. Re1 Bb4 10. Ne5 Nxe5 11. dxe5 Nd7 12. e4 d4 13. Qxd4 Bc5 14.
Qd1 Nxe5 15. Be3 Qxd1 16. Raxd1 Bxe3 17. Rxe3 Rb8 18. Nb5 Bxb5 19. axb5
Rxb5 20. Rc3 O-O 21. Rxc7 Rxb2 22. Rxa7 Ng4 23. Rf1 Rd8 24. h3 Ne5 25. Rfa1
g5 26. R7a5 f6 27. Ra7 Rbd2 28. Bf1 R8d7 29. Rxd7 Rxd7 30. Kg2 h5 31. Ra6
Kf7 32. Be2 g4 33. hxg4 hxg4 34. Kf1 Rb7 35. Ra2 Rb1+ 36. Kg2 Rb4 37. f4
gxf3+ 38. Bxf3 Kg6 39. Kf2 Rb3 40. Be2 Rc3 41. Ra6 Nc6 42. Bg4 Kf7 43. Ra2
Ke7 44. Rd2 Ne5 45. Be2 Nd7 46. Bf3 Nc5 47. Bg2 Nd3+ 48. Kg1 Ne5 49. Kh2
Nc4 50. Ra2 Rd3 51. Kh3 Rd8 52. Kg4 Ne5+ 53. Kf4 Nc6 54. Ke3 Rb8 55. Rd2
Rb1 56. Bf3 Ne5 57. Be2 Rh1 58. Ra2 Rb1 59. Ra7+ Nd7 60. Bd3 Rb3 61. Kd4
Kd6 62. Ra6+ Nb6 63. Ke3 Rb4 64. g4 e5 65. Ra2 Rb3 66. Ra6 Rb2 67. Be2 Ke7
68. Ra7+ Ke6 69. Rb7 Kd6 70. Kf3 Rb3+ 71. Kf2 Kc6 72. Rf7 Nd7 73. Bc4 Rb2+
74. Kg3 Kd6 75. Bd5 Rb8 76. Rh7 Rf8 77. Kh4 Nb6 78. Bf7 Na4 79. Bg6 Nc3 80.
Bf5 Kc5 81. Kh5 Kd4 82. Rb7 Rg8 83. Kh6 Ne2 84. Rb6 Ng3 85. Bg6 Ke3 86.
Rxf6 Nxe4 87. Rf5 Ng3 88. Rf7 e4 89. g5 Kd2 90. Rd7+ Ke2 91. Bh7 Re8 92. g6
e3 93. g7 Kf2 94. Rf7+ Kg2 95. Bd3 Rg8 96. Kh7 Rd8 97. Rf8 Rd7 98. Bb5
Rxg7+ 99. Kxg7 e2 100. Re8 Kf2 101. Bxe2 Nxe2 102. Kf6 Kf3 103. Kg5 Nd4
1/2-1/2

[Event "16th Open"]
[Site "Abu Dhabi UAE"]
[Date "2006.08.12"]
[Round "1"]
[White "Ghaem Maghami,E"]
[Black "Amanov,M"]
[Result "1-0"]
[WhiteElo "2594"]
[BlackElo "2372"]
[EventDate "2006.08.12"]

1. e4 c5 2. Nf3 Nc6 3. Bb5 g6 4. O-O Bg7 5. Re1 Nf6 6. c3 O-O 7. h3 Qb6 8.
Bf1 e5 9. d3 d5 10. a3 Rd8 11. Nbd2 Qc7 12. b4 b6 13. Bb2 dxe4 14. dxe4 Nh5
15. Qc2 h6 16. Rad1 Be6 17. b5 Ne7 18. Bc4 Nf4 19. Bxe6 Nxe6 20. Nc4 Nf4
21. Bc1 g5 22. a4 Nfg6 23. Nh2 Nf4 24. g3 Ne6 25. Ng4 Rac8 26. Rxd8+ Rxd8
27. Rd1 f6 28. Nge3 Rxd1+ 29. Qxd1 Qd8 30. Qxd8+ Nxd8 31. Nd6 Nf7 32. Nec4
Nxd6 33. Nxd6 Bf8 34. Bd2 Nc6 35. Nc8 Na5 36. Kf1 Kf7 37. Nxa7 Ke6 38. Nc8
Nc4 39. Ke2 Kd7 40. Na7 Na5 41. f4 exf4 42. gxf4 Bd6 43. e5 fxe5 44. fxg5
hxg5 45. Bxg5 Bb8 46. Nc6 Nxc6 47. bxc6+ Kxc6 48. c4 Kd7 49. Kf3 Bc7 50.
Ke4 Ke6 51. h4 Kf7 52. h5 Ke6 53. h6 Kf7 54. Kf5 e4 55. Kxe4 Kg6 56. Be3
1-0

[Event "16th Open"]
[Site "Abu Dhabi UAE"]
[Date "2006.08.12"]
[Round "1"]
[White "Jasim,A"]
[Black "Azarov,S"]
[Result "0-1"]
[WhiteElo "2326"]
[BlackElo "2579"]
[EventDate "2006.08.12"]

1. Nf3 Nf6 2. g3 b6 3. Bg2 Bb7 4. O-O e6 5. c4 c5 6. b3 Be7 7. Bb2 O-O 8.
Nc3 d6 9. e3 a6 10. Qe2 Nbd7 11. Rfd1 Qc7 12. d4 cxd4 13. Nxd4 Bxg2 14.
Kxg2 Ne5 15. f4 Qb7+ 16. Kg1 Nc6 17. Qf3 Rfc8 18. g4 b5 19. g5 Nd7 20. cxb5
axb5 21. Ncxb5 d5 22. Rd2 Nc5 23. h4 Ne4 24. Rg2 Nb4 25. g6 Bf6 26. gxf7+
Qxf7 27. f5 e5 28. Ne6 Rxa2 29. Rxa2 Nxa2 30. Nxg7 Bxg7 31. f6 Qxf6 32.
Qxf6 Nxf6 33. Bxe5 Rc1+ 34. Kh2 Kf7 35. Bxf6 Bxf6 36. Rxa2 Re1 37. Ra7+ Kg6
38. h5+ Kxh5 39. Rd7 Rxe3 40. Rxd5+ Kg4 41. Rd2 Be5+ 42. Kg1 h5 43. Nd4
Re1+ 44. Kg2 h4 45. Rd3 Bg3 0-1

[Event "16th Open"]
[Site "Abu Dhabi UAE"]
[Date "2006.08.12"]
[Round "1"]
[White "Grigoriants,S RUS"]
[Black "Nezad,H"]
[Result "1-0"]
[WhiteElo "2579"]
[BlackElo "2320"]
[EventDate "2006.08.12"]

1. e4 e5 2. Nf3 Nc6 3. Bb5 a6 4. Ba4 Nf6 5. O-O b5 6. Bb3 Bb7 7. d3 Bc5 8.
c3 d6 9. Qe2 O-O 10. Rd1 Re8 11. h3 h6 12. Nbd2 Nh5 13. Nf1 Qf6 14. g3 Bc8
15. Kh2 Be6 16. Ne3 Qd8 17. Bxe6 fxe6 18. d4 exd4 19. cxd4 Bb6 20. e5 Rf8
21. Ng4 Qe8 22. Be3 Nb4 23. Nh4 Nd5 24. f4 Rd8 25. Rac1 Rd7 26. Rd3 Kh7 27.
Bd2 Qf7 28. Re1 Re8 29. Qe4+ Kg8 30. f5 exf5 31. Nxf5 Qe6 32. Rf3 dxe5 33.
Ngxh6+ gxh6 34. Qg4+ Kh7 35. Qxh5 e4 36. Nxh6 Qg6 37. Qh4 exf3 38. Nf7+ Kg7
39. Rxe8 Kxf7 40. Qh8 Bc5 41. dxc5 Ne7 42. Rf8+ Ke6 43. Qc3 Nf5 44. Bf4 Nd4
45. c6 Qe4 46. Re8+ Re7 47. Rxe7+ Kxe7 48. Qe3 Qxe3 49. Bxe3 Nxc6 50. g4
Ke6 51. Kg3 Nb4 52. a3 Nd3 53. b3 c5 54. Kxf3 c4 55. bxc4 Ne5+ 56. Ke4 Nxc4
57. Bc1 a5 58. Kd4 Nd6 59. Bf4 Ne8 60. Bd2 Nd6 61. Bxa5 1-0

[Event "16th Open"]
[Site "Abu Dhabi UAE"]
[Date "2006.08.12"]
[Round "1"]
[White "El Arousy,A"]
[Black "Anastasian,A"]
[Result "0-1"]
[WhiteElo "2352"]
[BlackElo "2566"]
[EventDate "2006.08.12"]

1. d4 g6 2. e4 Bg7 3. Nc3 d6 4. Be3 Nd7 5. Qd2 c6 6. Nf3 Ngf6 7. h3 O-O 8.
Be2 b5 9. a3 Nb6 10. Bh6 a5 11. Bxg7 Kxg7 12. Qe3 Be6 13. O-O Bc4 14. Bd3
Qc7 15. Nh4 b4 16. Ne2 c5 17. d5 e6 18. dxe6 Bxe6 19. Ng3 Rae8 20. axb4
axb4 21. Nhf5+ Bxf5 22. Nxf5+ Kh8 23. Qh6 Rg8 24. Qg5 Nbd7 25. Nh6 Rgf8 26.
f3 c4 27. Be2 d5 28. Ra6 Qc5+ 29. Kh2 Ng8 30. b3 Nxh6 31. Qxh6 cxb3 32.
cxb3 dxe4 33. fxe4 Rxe4 34. Bc4 Ne5 35. Bxf7 Nxf7 36. Rxf7 Qe5+ 37. g3 Qb2+
0-1

[Event "16th Open"]
[Site "Abu Dhabi UAE"]
[Date "2006.08.12"]
[Round "1"]
[White "Mamedov,Rau"]
[Black "Alavi,S"]
[Result "1-0"]
[WhiteElo "2561"]
[BlackElo "2314"]
[EventDate "2006.08.12"]

1. e4 c6 2. Nf3 d5 3. Nc3 Bg4 4. h3 Bxf3 5. Qxf3 Nf6 6. d4 dxe4 7. Nxe4
Qxd4 8. Bd3 Nbd7 9. Be3 Qd5 10. Rd1 e6 11. O-O Be7 12. Nxf6+ Bxf6 13. Be4
Qb5 14. b3 Ne5 15. Qh5 g6 16. Qh6 Qb4 17. Qf4 Bg7 18. Bd4 Qa5 19. b4 Qc7
20. Bc5 Rd8 21. c3 Rxd1 22. Rxd1 Qc8 23. a4 a6 24. Bc2 f6 25. Bd6 b5 26.
Bb3 Nf7 27. Bc5 Nd8 28. Bb6 Nb7 29. Bxe6 1-0

[Event "16th Open"]
[Site "Abu Dhabi UAE"]
[Date "2006.08.12"]
[Round "1"]
[White "Motoc,A"]
[Black "Goloshchapov,A"]
[Result "0-1"]
[WhiteElo "2309"]
[BlackElo "2558"]
[EventDate "2006.08.12"]

1. d4 Nf6 2. c4 e6 3. Nc3 Bb4 4. e3 b6 5. Nge2 c5 6. a3 Ba5 7. Ng3 Bb7 8.
Rb1 Na6 9. Bd2 Qe7 10. Bd3 Bxg2 11. Rg1 Bb7 12. d5 g6 13. Qe2 d6 14. b4
cxb4 15. Nce4 Nxe4 16. Nxe4 exd5 17. cxd5 Nc5 18. Nxc5 dxc5 19. Bb5+ Kf8
20. e4 Kg7 21. axb4 Bxb4 22. Bxb4 cxb4 23. Qb2+ f6 24. Qxb4 Qe5 25. f4 Qc7
26. d6 Qc2 27. e5 fxe5 28. fxe5 Rhf8 29. Qb2 Qe4+ 30. Be2 Ba6 31. e6+ Rf6
32. e7 Bxe2 33. Qb4 Bc4+ 0-1

[Event "16th Open"]
[Site "Abu Dhabi UAE"]
[Date "2006.08.12"]
[Round "1"]
[White "Neverov,V"]
[Black "Sethuraman,S"]
[Result "1-0"]
[WhiteElo "2556"]
[BlackElo "2290"]
[EventDate "2006.08.12"]

1. d4 Nf6 2. c4 e6 3. Nf3 b6 4. Nc3 Bb7 5. a3 d5 6. Bg5 Be7 7. Qa4+ Nbd7 8.
Bxf6 Bxf6 9. cxd5 exd5 10. g3 O-O 11. Bh3 Nb8 12. O-O Na6 13. b4 c5 14.
bxc5 bxc5 15. Rab1 cxd4 16. Nxd4 Nc5 17. Qb4 Qb6 18. Rfd1 Qxb4 19. Rxb4
Rab8 20. Bg2 Ne4 21. Nxe4 dxe4 22. Rdb1 Rbd8 23. Rxb7 Bxd4 24. Bxe4 Bb6 25.
Bd3 Rd4 26. Rb4 Rxb4 27. axb4 Rc8 28. Bc4 Rf8 29. h4 g6 30. Kg2 Kg7 31. g4
Kf6 32. f4 h5 33. g5+ Kg7 34. Kf3 Kg8 35. b5 Kg7 36. Bd5 Bc5 37. e4 Bb6 38.
e5 Kg8 39. f5 gxf5 40. g6 Kg7 41. Bxf7 Rd8 42. Be8+ Kf8 43. Bd7 1-0

[Event "16th Open"]
[Site "Abu Dhabi UAE"]
[Date "2006.08.12"]
[Round "1"]
[White "Kengis,E"]
[Black "Samhouri,A"]
[Result "1-0"]
[WhiteElo "2539"]
[BlackElo "2294"]
[EventDate "2006.08.12"]

1. Nf3 Nf6 2. c4 e6 3. g3 d5 4. Bg2 Be7 5. b3 O-O 6. O-O c5 7. e3 Nc6 8.
Bb2 Re8 9. d4 b6 10. Nc3 Ba6 11. Ne5 Rc8 12. Nxc6 Rxc6 13. Re1 cxd4 14.
Qxd4 Bc5 15. Qd1 Bb4 16. Rc1 Rd6 17. cxd5 Nxd5 18. Nxd5 Bxe1 19. Qg4 e5 20.
e4 Bd2 21. Rc2 Bh6 22. Ba3 Rg6 23. Qd1 Rge6 24. Rc7 Qb8 25. Bh3 Rd8 26. Qf3
Rf6 27. Nxf6+ gxf6 28. Qg4+ Bg5 29. Rc6 Kg7 30. Be7 1-0

[Event "16th Open"]
[Site "Abu Dhabi UAE"]
[Date "2006.08.12"]
[Round "1"]
[White "Himdan,M"]
[Black "Magerramov,E"]
[Result "0-1"]
[WhiteElo "2282"]
[BlackElo "2530"]
[EventDate "2006.08.12"]

1. e4 c6 2. d4 d5 3. Nc3 dxe4 4. Nxe4 Nf6 5. Nxf6+ exf6 6. Bc4 Bd6 7. Ne2
O-O 8. Be3 Re8 9. Qd2 Nd7 10. Bf4 Nb6 11. Bd3 Bg4 12. Bxd6 Qxd6 13. O-O
Rad8 14. c3 c5 15. Rfe1 Bxe2 16. Bxe2 cxd4 17. Rad1 g6 18. cxd4 Re4 19. Bf3
Nc4 20. Qc3 Rxe1+ 21. Rxe1 Qxd4 22. Bxb7 Nxb2 23. Qb3 Nd3 24. Rf1 Nc5 25.
Qf3 Kg7 26. g3 Qe5 27. Bc6 Rd3 28. Qg4 Rd4 29. Qf3 h5 30. Qa3 a6 31. Rc1
Nd3 32. Rf1 a5 33. Qc3 Nb4 34. a3 Nxc6 35. Qxc6 Rd3 36. a4 Rc3 37. Qd7 Rc4
38. Rd1 Qe4 39. Ra1 h4 0-1

[Event "16th Open"]
[Site "Abu Dhabi UAE"]
[Date "2006.08.12"]
[Round "1"]
[White "Schacht,H"]
[Black "Rausis,I"]
[Result "0-1"]
[WhiteElo "2254"]
[BlackElo "2510"]
[EventDate "2006.08.12"]

1. d4 d5 2. c4 c6 3. Nf3 dxc4 4. e3 Be6 5. a4 Nf6 6. Na3 c5 7. Bxc4 Bxc4 8.
Nxc4 cxd4 9. Qxd4 Nc6 10. Qxd8+ Rxd8 11. Ke2 e6 12. Bd2 Ne4 13. Rhd1 Nxd2
14. Rxd2 Rxd2+ 15. Nfxd2 Bb4 16. Rd1 Ke7 17. Ne4 Rc8 18. Ned6 Rb8 19. Nb5
f6 20. Nd4 Rc8 21. Nxc6+ Rxc6 22. b3 a6 23. e4 h5 24. Rd3 b5 25. axb5 axb5
26. Ne3 g5 27. h3 Rc1 28. Rd1 Rc3 29. Rd3 Rc7 30. g3 Ra7 31. f4 Ra2+ 32.
Kf3 gxf4 33. gxf4 Be1 34. Ng2 Rf2+ 35. Kg3 h4+ 36. Kh2 Re2 37. Re3 Bg3+ 38.
Kh1 Rb2 0-1

[Event "16th Open"]
[Site "Abu Dhabi UAE"]
[Date "2006.08.12"]
[Round "1"]
[White "Sturua,Z"]
[Black "Qaddara,A"]
[Result "1-0"]
[WhiteElo "2509"]
[BlackElo "2243"]
[EventDate "2006.08.12"]

1. d4 Nf6 2. Nf3 e6 3. c4 b6 4. Nc3 Bb7 5. a3 d6 6. d5 e5 7. e4 a5 8. Bd3
Nbd7 9. Rb1 g6 10. h3 Bg7 11. Bg5 h6 12. Be3 O-O 13. g4 Ne8 14. h4 c5 15.
Nd2 Nc7 16. Nf1 Re8 17. Ng3 Bf6 18. Bxh6 Bxh4 19. Nf5 Be7 20. Qf3 f6 21.
Qh3 Kf7 22. Bg7 Nf8 23. Qh8 gxf5 24. Bxf8 Bc8 1-0

[Event "16th Open"]
[Site "Abu Dhabi UAE"]
[Date "2006.08.12"]
[Round "1"]
[White "Mahmoody,M"]
[Black "Odeev,H"]
[Result "1/2-1/2"]
[WhiteElo "2242"]
[BlackElo "2492"]
[EventDate "2006.08.12"]

1. e4 c5 2. Nf3 d6 3. d4 cxd4 4. Nxd4 Nf6 5. Nc3 a6 6. Bg5 e6 7. Qf3 Nbd7
8. O-O-O Qc7 9. Qe2 Be7 10. g4 b5 11. Bg2 Bb7 12. f4 b4 13. Nb1 Rc8 14.
Bxf6 gxf6 15. h4 Qc4 16. Qxc4 Rxc4 17. Rhe1 O-O 18. Bf1 Rc7 19. Nd2 Rfc8
20. Kb1 Bf8 21. N2b3 Nc5 22. Nxc5 Rxc5 23. Bd3 R5c7 24. g5 fxg5 25. hxg5
Bg7 26. Ne2 h6 27. gxh6 Bxh6 28. Rh1 Bg7 29. Rh3 Kf8 30. Rg1 Bf6 31. Ng3
Ke7 32. Ne2 a5 33. Rh5 Rc5 34. Rh7 a4 35. Ng3 Bd4 36. Rf1 Rg8 37. Ne2 Bf6
38. Rfh1 a3 39. b3 Rg2 40. R7h2 Rg4 41. Rg1 Rxg1+ 42. Nxg1 Rc8 43. Kc1 Rg8
44. Ne2 e5 45. fxe5 Bxe5 46. Rh4 Bf6 47. Rh5 Be5 48. Kd2 Bc8 49. Ke3 Bg4
50. Rh1 1/2-1/2

[Event "16th Open"]
[Site "Abu Dhabi UAE"]
[Date "2006.08.12"]
[Round "1"]
[White "Bakre,T"]
[Black "Mamedjarova,T"]
[Result "1-0"]
[WhiteElo "2454"]
[BlackElo "2241"]
[EventDate "2006.08.12"]

1. d4 d5 2. Nf3 Nf6 3. e3 e6 4. Bd3 Bd6 5. Ne5 Nbd7 6. f4 c5 7. Nd2 b6 8.
O-O Bb7 9. Qf3 Qc7 10. c3 Rf8 11. a4 c4 12. Bc2 a6 13. e4 O-O-O 14. Qe2 b5
15. axb5 axb5 16. Nxd7 Nxd7 17. e5 Be7 18. b3 Nb8 19. bxc4 dxc4 20. Ba3 b4
21. Bb2 Bd5 22. Be4 f5 23. exf6 Rxf6 24. Qg4 Kb7 25. Qxg7 Nc6 26. cxb4 Rd7
27. b5 Nb4 28. Bc3 Bxe4 29. Nxe4 Rf5 30. Qg8 Rd8 31. Qxe6 Qd7 32. Nc5+ 1-0

[Event "16th Open"]
[Site "Abu Dhabi UAE"]
[Date "2006.08.12"]
[Round "1"]
[White "Aswin,J"]
[Black "Amin,B"]
[Result "1/2-1/2"]
[WhiteElo "2221"]
[BlackElo "2453"]
[EventDate "2006.08.12"]

1. e4 e5 2. Nf3 Nc6 3. Bb5 a6 4. Ba4 Nf6 5. O-O Nxe4 6. d4 b5 7. Bb3 d5 8.
dxe5 Be6 9. Nbd2 Nc5 10. c3 Be7 11. Bc2 O-O 12. Nb3 Bg4 13. Nxc5 Bxc5 14.
Qd3 g6 15. Rd1 d4 16. a4 Bxf3 17. Qxf3 Nxe5 18. Qe4 Nc4 19. cxd4 Re8 20.
Qf3 Qxd4 21. axb5 Ne5 22. Qf4 Ng4 23. Qxd4 Bxd4 24. h3 Bxf2+ 25. Kf1 Ne3+
26. Bxe3 Bxe3 27. bxa6 Re6 28. Rd3 Rf6+ 29. Ke2 Bg5 30. Rf3 Re6+ 31. Kf1
Rexa6 32. Rxa6 Rxa6 33. Bb3 Bf6 34. Bc4 Ra1+ 35. Ke2 Kg7 36. g4 h6 37. Rd3
Be5 38. Rd7 Kf6 39. h4 Bd6 40. Rxf7+ Ke5 41. Rg7 Rh1 42. Rxg6 Rxh4 43. b3
Ke4 44. g5 Rh2+ 45. Kf1 hxg5 46. Rxg5 Ke3 47. Rg2 Rh1+ 48. Rg1 Rh5 49. Rg2
Bc5 50. Rg3+ Ke4 51. Rg4+ Kf5 52. Rg3 Bd4 53. Ke2 c5 54. Kf3 Rh2 55. Bd3+
Ke5 56. Rg5+ Kf6 57. Rg6+ 1/2-1/2

[Event "16th Open"]
[Site "Abu Dhabi UAE"]
[Date "2006.08.12"]
[Round "1"]
[White "Abbasov,F"]
[Black "Nadig,K"]
[Result "1-0"]
[WhiteElo "2443"]
[BlackElo "2226"]
[EventDate "2006.08.12"]

1. d4 Nf6 2. c4 g6 3. Nc3 d5 4. Nf3 Bg7 5. Qb3 dxc4 6. Qxc4 a6 7. e4 b5 8.
Qb3 O-O 9. e5 Nfd7 10. e6 fxe6 11. Be3 Nb6 12. h4 Nc6 13. Rd1 b4 14. Ne4
Qd5 15. Nc5 Na5 16. Qc2 Nac4 17. h5 Nxe3 18. fxe3 Qf5 19. Bd3 Qg4 20. hxg6
h6 21. Qf2 Bf6 22. Rxh6 Bg5 23. g7 Bxh6 24. gxf8=Q+ Bxf8 25. Ne5 Qg7 26.
Bg6 Qf6 27. Qg3 Qg7 28. Ke2 1-0

[Event "16th Open"]
[Site "Abu Dhabi UAE"]
[Date "2006.08.12"]
[Round "1"]
[White "Coleman,J"]
[Black "Sale,S"]
[Result "0-1"]
[WhiteElo "2188"]
[BlackElo "2438"]
[EventDate "2006.08.12"]

1. d4 Nf6 2. Nf3 c5 3. d5 b5 4. Bg5 Qb6 5. Bxf6 Qxf6 6. c3 e6 7. e4 b4 8.
Bc4 Qg6 9. Qe2 Qxg2 10. Rg1 Qh3 11. cxb4 cxb4 12. Nbd2 Qh6 13. Rc1 Bb7 14.
Bb5 Qf4 15. Rc4 Qd6 16. Rc1 h6 17. Nc4 Qf4 18. Ne3 h5 19. Rc4 Qd6 20. Rc1
Rh6 21. Nc4 Qf4 22. Rd1 Ba6 23. Bxa6 Nxa6 24. dxe6 Rxe6 25. e5 Rc8 26. Rd4
Qc1+ 27. Qd1 Rxc4 0-1

[Event "16th Open"]
[Site "Abu Dhabi UAE"]
[Date "2006.08.12"]
[Round "1"]
[White "Ali,Ab"]
[Black "Kayumov,S"]
[Result "1/2-1/2"]
[WhiteElo "2155"]
[BlackElo "2435"]
[EventDate "2006.08.12"]

1. d4 d5 2. c4 e5 3. dxe5 d4 4. Nf3 Nc6 5. g3 Nge7 6. Bg2 Ng6 7. Bg5 Qd7 8.
O-O Ngxe5 9. Nbd2 Nxf3+ 10. Nxf3 Bc5 11. a3 a5 12. e3 O-O 13. exd4 Nxd4 14.
Be3 Nxf3+ 15. Qxf3 Bxe3 16. Qxe3 Re8 1/2-1/2

[Event "16th Open"]
[Site "Abu Dhabi UAE"]
[Date "2006.08.12"]
[Round "1"]
[White "Bistric,F"]
[Black "Ghader Pour,S"]
[Result "0-1"]
[WhiteElo "2426"]
[BlackElo "2152"]
[EventDate "2006.08.12"]

1. Nf3 Nf6 2. g3 d5 3. c4 e6 4. b3 c5 5. Bg2 Nc6 6. O-O d4 7. e3 Bd6 8.
exd4 cxd4 9. d3 h6 10. Ba3 O-O 11. Nfd2 e5 12. Ne4 Nxe4 13. Bxe4 Bxa3 14.
Nxa3 Be6 15. Re1 Qd6 16. Nb5 Qe7 17. Qc1 f5 18. Bg2 f4 19. Qa3 Qxa3 20.
Nxa3 f3 21. Bf1 a6 22. Rab1 Kf7 23. b4 Kf6 24. Rb2 b5 25. Nb1 Rab8 26. a3
a5 27. c5 axb4 28. axb4 Bd5 29. Nd2 Ke7 30. Ne4 Be6 31. h4 Rg8 32. Nd2 Rbf8
33. Ra1 g5 34. Ra6 Bd7 35. h5 g4 36. Ne4 Ra8 37. Rb6 Rgb8 38. Rxb8 Rxb8 39.
Nd6 Ke6 40. Rb1 Be8 41. Ra1 Nxb4 42. Ra7 Bd7 43. Nf5 Nc6 44. Rc7 b4 0-1

[Event "16th Open"]
[Site "Abu Dhabi UAE"]
[Date "2006.08.12"]
[Round "1"]
[White "Ibrahim,I UAE"]
[Black "Safarli,E"]
[Result "0-1"]
[WhiteElo "2133"]
[BlackElo "2421"]
[EventDate "2006.08.12"]

1. e4 c5 2. c3 d5 3. exd5 Qxd5 4. d4 Nf6 5. Nf3 Bg4 6. Qa4+ Bd7 7. Qb3 Qxb3
8. axb3 e6 9. Na3 cxd4 10. Nb5 Bxb5 11. Bxb5+ Nbd7 12. Nxd4 Bc5 13. Nc2 O-O
14. b4 Bb6 15. O-O Rfd8 16. Be3 Nd5 17. Bxb6 N7xb6 18. Rfd1 Kf8 19. Nd4 Ke7
20. Nb3 Nc7 21. Be2 Rxd1+ 22. Rxd1 Rd8 23. Ra1 a6 24. Kf1 Nbd5 25. Nc5 Nf4
26. g3 Nxe2 27. Kxe2 b6 28. Nd3 Rd5 29. Ke3 g5 30. f3 f6 31. c4 Rd8 32. b3
h5 33. h3 e5 34. Nb2 b5 35. Nd3 Rd4 36. Nb2 h4 37. g4 Ne6 38. Rxa6 Nf4 39.
cxb5 Rxb4 40. Nc4 Rxb3+ 41. Ke4 Rb4 42. Rc6 Rxb5 43. Nb6 Kf7 44. Nc4 0-1

[Event "16th Open"]
[Site "Abu Dhabi UAE"]
[Date "2006.08.12"]
[Round "1"]
[White "Javakhishvili,L"]
[Black "Al Sulaiti,G"]
[Result "0-1"]
[WhiteElo "2418"]
[BlackElo "2128"]
[EventDate "2006.08.12"]

1. d4 d5 2. Nf3 Nf6 3. c4 e6 4. Nc3 Be7 5. Bg5 Nbd7 6. e3 O-O 7. Rc1 dxc4
8. Bxc4 a6 9. Ne5 c5 10. O-O cxd4 11. exd4 Nb6 12. Bd3 Bd7 13. Qf3 Bb5 14.
Nxb5 axb5 15. Qxb7 Nfd5 16. Nc6 Bxg5 17. Nxd8 Bxc1 18. Be4 Rfxd8 19. Bxd5
Rab8 20. Qc6 Rdc8 21. Qxb5 Nxd5 22. Qd3 Bxb2 23. g3 g6 24. a4 Rb4 25. Rb1
Nc3 26. Qd2 Ba3 27. Rxb4 Bxb4 28. Qb2 Nd5 29. h4 h5 30. Kg2 Bc3 31. Qb7 Rc7
32. Qa8+ Kg7 33. a5 Bxd4 34. g4 hxg4 35. h5 gxh5 36. a6 Rc2 37. a7 Rxf2+
38. Kh1 Rf1+ 39. Kh2 Be3 40. Kg2 Rf2+ 0-1

[Event "16th Open"]
[Site "Abu Dhabi UAE"]
[Date "2006.08.12"]
[Round "1"]
[White "Ahmed,I"]
[Black "Jakovljevic,Vlado"]
[Result "0-1"]
[WhiteElo "2113"]
[BlackElo "2414"]
[EventDate "2006.08.12"]

1. e4 c5 2. Nf3 d6 3. d4 cxd4 4. Nxd4 Nf6 5. Nc3 a6 6. Be2 e6 7. O-O Nc6 8.
Be3 Be7 9. f4 O-O 10. Qe1 Qc7 11. a4 Nxd4 12. Bxd4 e5 13. fxe5 dxe5 14. Qg3
Re8 15. Bxe5 Bc5+ 16. Kh1 Qxe5 0-1

[Event "16th Open"]
[Site "Abu Dhabi UAE"]
[Date "2006.08.12"]
[Round "1"]
[White "Ushenina,A"]
[Black "Khouri,I"]
[Result "1-0"]
[WhiteElo "2410"]
[BlackElo "2035"]
[EventDate "2006.08.12"]

1. d4 d5 2. c4 e5 3. dxe5 d4 4. Nf3 Nc6 5. g3 Nge7 6. Bg2 Ng6 7. Bf4 Nxf4
8. gxf4 f6 9. O-O Bc5 10. Nbd2 fxe5 11. Nxe5 Nxe5 12. fxe5 Qg5 13. f4 Qg6
14. Kh1 Bf5 15. Nb3 Be4 16. Bxe4 Qxe4+ 17. Rf3 Be7 18. Qd3 Qxd3 19. exd3 c5
20. f5 O-O 21. Rg1 Kh8 22. Nd2 Rae8 23. Ne4 Bd8 24. f6 g6 25. Nxc5 b6 26.
Ne4 Rxe5 27. Rgf1 a5 28. b3 Bc7 29. a3 Rh5 30. R1f2 Re5 31. b4 Kg8 32. f7+
Kg7 33. Nf6 Re7 34. Ne8+ Kh8 35. Nxc7 Rxc7 36. Rf6 Rb7 1-0

[Event "16th Open"]
[Site "Abu Dhabi UAE"]
[Date "2006.08.12"]
[Round "1"]
[White "Marwan,A"]
[Black "Ramnath,B"]
[Result "0-1"]
[WhiteElo "2033"]
[BlackElo "2024"]
[EventDate "2006.08.12"]

1. e4 c5 2. Nf3 Nc6 3. d4 cxd4 4. Nxd4 Nf6 5. Nc3 e5 6. Ndb5 d6 7. Nd5 Nxd5
8. exd5 Nb8 9. c3 Be7 10. Be3 a6 11. Na3 b5 12. Bd3 O-O 13. O-O f5 14. f4
Bf6 15. Nc2 Qe8 16. Qd2 Qf7 17. Be2 Bb7 18. a4 bxa4 19. Rxa4 Qe7 20. fxe5
Bxe5 21. Bg5 Qf7 22. Ra5 Nd7 23. Nd4 Bxd4+ 24. Qxd4 Nc5 25. Bc4 Rac8 26.
Bf4 Qc7 27. Ra3 Rfe8 28. Bd3 Nxd3 29. Qxd3 Qc5+ 30. Kh1 Qxd5 31. Qxd5+ Bxd5
32. Bxd6 Re2 33. Rg1 Rxb2 34. Ra5 Be4 35. Be5 Rd8 36. Bd4 Rd6 37. Be5 Rxg2
0-1

[Event "16th Open"]
[Site "Abu Dhabi UAE"]
[Date "2006.08.13"]
[Round "2"]
[White "Sale,S"]
[Black "Fedorov,Alex"]
[Result "1/2-1/2"]
[WhiteElo "2438"]
[BlackElo "2617"]
[EventDate "2006.08.12"]

1. d4 Nf6 2. c4 g6 3. Nc3 Bg7 4. e4 d6 5. f3 O-O 6. Be3 Nc6 7. Nge2 a6 8.
Qd2 Rb8 9. Rc1 Bd7 10. Nd1 b5 11. c5 e6 12. Nf2 b4 13. g3 Ne7 14. Bg2 Bb5
15. O-O Nd7 16. cxd6 cxd6 17. Rc2 d5 18. Rfc1 e5 19. Rd1 dxe4 20. fxe4 exd4
21. Nxd4 Ne5 22. Nxb5 Qxd2 23. Rdxd2 Rxb5 24. Rd6 b3 25. axb3 Rxb3 26. Bg5
N7c6 27. Rdxc6 Nxc6 28. Rxc6 Rxb2 29. Ng4 Bd4+ 30. Be3 Bxe3+ 31. Nxe3 Ra2
32. Bf1 Re8 1/2-1/2

[Event "16th Open"]
[Site "Abu Dhabi UAE"]
[Date "2006.08.13"]
[Round "2"]
[White "Safarli,E"]
[Black "Ghaem Maghami,E"]
[Result "1/2-1/2"]
[WhiteElo "2421"]
[BlackElo "2594"]
[EventDate "2006.08.12"]

1. e4 c5 2. Nf3 Nc6 3. Nc3 d6 4. d4 cxd4 5. Nxd4 Nf6 6. Bg5 e6 7. Qd2 a6 8.
O-O-O Bd7 9. f4 b5 10. Bxf6 gxf6 11. Nxc6 Bxc6 12. Qe1 Ra7 13. Bd3 Qb6 14.
Kb1 h5 15. f5 b4 16. Ne2 e5 17. Qh4 Ke7 18. Bc4 Qc5 19. Bd5 Bb5 20. c4 Bxc4
1/2-1/2

[Event "16th Open"]
[Site "Abu Dhabi UAE"]
[Date "2006.08.13"]
[Round "2"]
[White "Azarov,S"]
[Black "Bakre,T"]
[Result "0-1"]
[WhiteElo "2579"]
[BlackElo "2454"]
[EventDate "2006.08.12"]

1. e4 c5 2. Nf3 d6 3. d4 cxd4 4. Nxd4 Nf6 5. Nc3 Nc6 6. Bc4 e6 7. Be3 a6 8.
Qe2 Na5 9. Bd3 b5 10. O-O-O Qc7 11. Rhe1 Bb7 12. f4 Rc8 13. a3 Be7 14. g4
d5 15. exd5 Nxd5 16. Nxd5 Bxd5 17. Kb1 Nc4 18. Bc1 Bf6 19. Be4 Bxe4 20.
Qxe4 O-O 21. f5 Nd6 22. Qe2 exf5 23. Bf4 Qb6 24. Ne6 fxe6 25. Qxe6+ Kh8 26.
Bxd6 Qc6 27. c3 Rce8 28. Qb3 Rxe1 29. Bxf8 Qe4+ 30. Ka2 Rxd1 31. Qxd1 Qxg4
32. Qd7 h6 33. Bd6 Qe4 34. Bb8 Kh7 35. Qd6 a5 36. Qc5 Qd3 37. a4 bxa4 38.
Qxa5 Qc4+ 39. Ka1 Kg6 40. Bd6 f4 41. Qa8 Qd3 42. Qg2+ Kf5 43. Qc6 f3 44.
Bg3 a3 45. Qc5+ Kg6 46. Ka2 axb2 47. Kxb2 Qf5 48. Qe3 Be5 49. Qb6+ Qf6 50.
Qg1 Bxc3+ 51. Kc2 Kh7 52. Kd3 Be5 53. Ke4 Bxg3 54. hxg3 f2 55. Qf1 Kg6 56.
Ke3 Kg5 57. Qb5+ Kg4 0-1